000 00592nam a22002057a 4500
003 Ost
005 20250207110026.0
008 250207b |||||||| |||| 00| 0 eng d
020 _a9781941806197
040 _cBT-PhCST
050 _aA25136
082 _222
_a363.582
_bBHA
100 _aBharne, Vinayak
245 _aAffordable housing, Inclusive cities /
260 _aChina :
_bColor Separation and Printing: Oro Editions,
_cc2019.
300 _a209 p.
_bill.
_c25 cm.
504 _aIncludes References and endnote and Author biographies
700 _aKhandekar, Shyam
942 _2ddc
_cBO
999 _c9879
_d9879